دمياط في التاريخ الحديث (1810-1906) / Dumyāṭ fī al-tārīkh al-ḥadīth (1810-1906)

محفوظ في:

المؤلف الرئيسي: D. Rāḍī Muḥammad Jawdah.

التنسيق: كتاب

اللغة: Undetermined

منشور في: Cairo : al-Hayʼah al-Miṣrīyah al-ʻĀmmah lil-Kitāb, 2016.

الموضوعات:

الوسوم: إضافة وسم

لا توجد وسوم, كن أول من يضع وسما على هذه التسجيلة!

رقم الطلب: DT137 .D26 J39

LEADER 00707nam a2200181Ia 4500
008 240329s9999||||xx |||||||||||||| ||und||
020 |a 9789779109138 
050 4 |a DT137 .D26 J39 
100 1 |a D. Rāḍī Muḥammad Jawdah. 
245 1 0 |a دمياط في التاريخ الحديث (1810-1906) / Dumyāṭ fī al-tārīkh al-ḥadīth (1810-1906)  |c D. Rāḍī Muḥammad Jawdah 
264 1 |a Cairo :  |b al-Hayʼah al-Miṣrīyah al-ʻĀmmah lil-Kitāb,  |c 2016. 
300 |a 424  |b illustrations, 1 folded map  |c 24 
650 |a Damietta (Egypt : Province) History 
650 |a Damiette (Égypte : Gouvernorat) Histoire 
650 |a Egypt Damietta (Province) 
650 |a History 
942 |2 lcc  |c BK 
999 |c 57816  |d 57816